First U.S. States to Reach 5 Million People - Statistics

General Stats
  • This quiz has been taken 52 times
  • The average score is 9 of 10
Answer Stats
Year State % Correct
1879 New York
100%
1923 Texas
98%
1927 California
96%
1888 Pennsylvania
91%
1903 Illinois
87%
1970 Florida
85%
1957 Massachusetts
83%
1934 Michigan
80%
1952 New Jersey
80%
1913 Ohio
80%
No matching quizzes found
Score Distribution
Percent of People with Each Score
Percentile by Number Answered
Your Score History
You have not taken this quiz